| 000 | 00359 a2200169 4500 | ||
|---|---|---|---|
| 001 | 186769 | ||
| 020 | _a85-281-0074-X | ||
| 040 | _cMagnum | ||
| 100 | _aMachado, Angelo | ||
| 240 | 1 | 0 |
_aO esquilo esquecido _lpor |
| 245 | 1 | 0 | _aO esquilo esquecido |
| 300 | _a20 | ||
| 362 | 0 | _a1994 | |
| 440 | 1 | _aSalamandra | |
| 697 | _aLITERATURA INFANTO | ||
| 942 | _cBK | ||
| 999 |
_c186769 _d186769 |
||